Cargando...
Optical holography
| Autor principal: | |
|---|---|
| Formato: | Printed Book |
| Publicado: |
New york
CUP
1984
|
| Materias: |
| LEADER | 00445nam a22001457a 4500 | ||
|---|---|---|---|
| 020 | |a 9780521311632 | ||
| 082 | |a 774 |b HAR | ||
| 100 | |a Hariharan,P | ||
| 245 | |a Optical holography | ||
| 260 | |a New york |b CUP |c 1984 | ||
| 300 | |a xii,319 | ||
| 650 | |a Optical system |a light sources | ||
| 942 | |c BK | ||
| 999 | |c 128748 |d 128744 | ||
| 952 | |0 0 |1 0 |4 0 |6 774_000000000000000_HAR |7 0 |8 NFIC |9 127234 |a SPAP |b SPAP |c GEN |d 2017-08-18 |l 0 |o 774 HAR |p SPAP1365 |r 2017-08-18 |w 2017-08-18 |y BK | ||